Podpisz zdjęcia po angielsku #6 - Statystyki

Ogólne statystyki
  • Ten quiz został rozwiązany 45 razy
  • Średni wynik to 11 z 16
Statystyki odpowiedzi
Obrazkowy Odpowiedź % Poprawnych
Nose
97%
Garage
95%
Peach
95%
Socks
89%
Axe
84%
Stairs
82%
Jeans
79%
Yogurt
79%
Penguin
74%
Rope
66%
Cabbage
63%
Toaster
61%
Dice
58%
Worm
50%
Eraser
29%
Lighthouse
26%
Nie znaleziono quizów pasujących do podanych kryteriów
Rozkład punktacji
Procent ludzi z każdym wynikiem
Percentyl według liczby udzielonych odpowiedzi
Twoja historia wyników
Nie rozwiązałeś tego quizu